| 000 | 004210000a22001690004500 | ||
|---|---|---|---|
| 003 | MACL | ||
| 005 | 20160106131855.0 | ||
| 008 | 160106b xxu||||| |||| 00| 0 eng d | ||
| 040 |
_aMACL _cMACL |
||
| 041 | _aEnglish | ||
| 082 | _a830/GOS | ||
| 100 |
_aGostwick, Joseph _928631 |
||
| 245 | _aGerman Literature | ||
| 260 |
_bWilliam Heinemann _c1883 _aLondon |
||
| 650 |
_aGerman Poetry _928632 |
||
| 942 |
_cBK _k830/Gos _2ddc |
||
| 999 |
_c36712 _d36712 |
||